Statistics for Geography True or False #5

Click here to take the quiz!

General Stats

  • This quiz has been taken 47,996 times
    (24,260 since last reset)
  • The average score is 12 of 16

Answer Stats

QuestionAnswer% Correct
Mongolia is landlockedTrue
97%
Every country that has nuclear power plants also has nuclear weaponsFalse
95%
Turkey has requested that its English-language name be displayed as TürkiyeTrue
89%
There are no landlocked countries in North AmericaTrue
88%
Hindi is the most commonly-spoken first language in IndiaTrue
86%
Amsterdam has 90 islands, but no bridgesFalse
85%
Bohemia is a real placeTrue
81%
Riyadh is on the seaFalse
78%
The Kalahari Desert is in AfricaTrue
77%
Mumbai is on the western coast of IndiaTrue
71%
Most Polish people are SlavsTrue
68%
Canada borders all five Great Lakes of North AmericaFalse
63%
Each of the islands of the Bahamas is known as a "Bahama", singular.False
62%
Most people in Africa can have a conversation in FrenchFalse
52%
Acapulco lies on the Gulf of MexicoFalse
49%
A "taiga" is a subarctic landscape that is mostly devoid of treesFalse
42%

Score Distribution

Percentile by Number Answered

Percent of People with Each Score

Your Score History

You have not taken this quiz since the last reset